01905njm a2200337Ia 450000100060000000300090000600500170001500800410003204000130007304000130008604100120009910000110011110000180012210000380014024500620017825000110024026000110025126000580026230000100032030000300033050000870036050503530044765000560080070000680085670001580092470000670108270001770114970000900132670000840141670000670150073842IT-RoPAU20220918181125.0131025s9999 xx 000 0 und d aIT-RoPAU cIT-RoPAU aINGLESE aAA.VV. eAutore musica gCodice autore musica SPICS: 12000 aSnack Bar Budapest (Original Movie Soundtrack)-Lp 837-551 a1a ed. aITALIA bPOLYGRAMc1988 [1a Ed.:1988 - Ed. Lingua Orig.: 1988] aDISCO c39 minuti (Testo: 0 pag.) aColonna sonora del Film di Tinto Brass "Snack Bar Budapest" con Giancarlo Giannini aSei di mattino (5:00) - Secrets Pt. 2 (4:00) - When I Lied (5:00) - Sei di mattino [(strumentale) (5:00)] - When You Cried (6:00) - One Dream (8:00) - My Baby Just Cares For Me (4:00) - Blue Notes (9:00) - Dune Mosse [(strumentale) (6:00)] - Memory (2:00) - Giannini's Theme (2:00) - Something Strong (5:00) - Secrets Pt. 1 (7:00) - One Wish (3:00) aCOLONNA SONORA [DISCHI]eCodice MATERIA SPICS: 9950 aFornaciari ZuccherogCodice interprete SPICS: 10901eInterprete aFornaciari ZuccherogCodice autore musica SPICS: 10901eAutore musicapSei di mattino - One Dream - Blue Notes - Dune Mosse - Something Strong - One Wish aPaoli GinogCodice autore SPICS: 11057eAutorepSei di mattino aSancious DavidgCodice autore musica SPICS: 25653eAutore musicapSecrets Pt. 2 - When I Lied - When You Cried - Memory - Giannini's Theme - Secrets Pt.1 - Something Strong aKahn GusgCodice autore musica SPICS: 25654eAutore musicapMy Baby Just Cares For Me aDonaldson WaltergCodice autore SPICS: 25671eAutorepMy Baby Just Cares For Me aFigliè MarcogCodice autore SPICS: 21780eAutorepDune Mosse